| 000 | 01708nam a2200373Ia 4500 | ||
|---|---|---|---|
| 001 | DIGANR0204 | ||
| 006 | m d | ||
| 007 | cr ||||||||||| | ||
| 008 | 100325s1992 sp ac b 000 0 spa d | ||
| 035 | _a(OCoLC)651961512 | ||
| 040 |
_aDGITA _beng _epn _cDGITA |
||
| 050 | 4 | _aPQ8519.B292 | |
| 245 | 0 | 0 |
_aMario Benedetti : _bliteratura y creación social de la realidad. La utopía, empresa y revolución de la historia. |
| 264 | 1 |
_aBarcelona : _bAnthropos, Editorial del Hombre, _c1992. |
|
| 300 |
_a1 online resource (95 p.) : _billustrations, portraits. |
||
| 336 |
_atext _btxt _2rdacontent |
||
| 337 |
_acomputer _bc _2rdamedia |
||
| 338 |
_aonline resource _bcr _2rdacarrier |
||
| 490 | 1 |
_aAnthropos: revista de documentación científica de la cultura, _x02115611 ; _v132. |
|
| 500 | _aCover title. | ||
| 500 | _a"N.° 132, Mayo 1992" --P. [2] of cover. | ||
| 500 | _a"Este número se complementa con el Suplemento no 33 (1992), Mario Benedetti: textos preferidos y complementarios de autor y lector ; documentación bibliográfica. | ||
| 504 | _a"Documentación cultural e información bibliográfica: informes y bibliografía temática: Mario Benedetti" (p. 65-95) | ||
| 600 | 1 | 0 |
_aBenedetti, Mario, _d1920-2009 _xCriticism and interpretation. |
| 650 | 0 |
_aUruguayan poetry _y20th century. |
|
| 650 | 0 |
_aAuthors, Uruguayan _y20th century. |
|
| 655 | 7 |
_aPeriodicals. _2lcgft |
|
| 700 | 1 |
_aBenedetti, Mario, _d1920-2009. |
|
| 791 | 2 |
_aDigitalia (Firm), _edistributor. |
|
| 793 | 0 |
_gDigitalia e-journal Collection: _aAnthropos |
|
| 830 | 0 |
_aAnthropos (Barcelona, Spain) ; _v132. |
|
| 856 | 4 | 0 |
_3Digitalia Hispánica _uhttps://www.digitaliapublishing.com/a/3645/ |
| 942 | _cRAA | ||
| 999 |
_c230596 _d230596 |
||